Text Book of Pharmacology-1 (Record no. 8888)

MARC details
000 -LEADER
fixed length control field 00341nam a22001457a 4500
003 - CONTROL NUMBER IDENTIFIER
control field OSt
008 - FIXED-LENGTH DATA ELEMENTS--GENERAL INFORMATION
fixed length control field 200713b ||||| |||| 00| 0 eng d
082 ## - DEWEY DECIMAL CLASSIFICATION NUMBER
Classification number 615.321PRT
100 ## - MAIN ENTRY--PERSONAL NAME
Personal name Prasad , Mahesh
245 ## - TITLE STATEMENT
Title Text Book of Pharmacology-1
250 ## - EDITION STATEMENT
Edition statement 1st 2019
260 ## - PUBLICATION, DISTRIBUTION, ETC. (IMPRINT)
Place of publication, distribution, etc New Delhi
Name of publisher, distributor, etc Nirali
650 ## - SUBJECT ADDED ENTRY--TOPICAL TERM
Topical term or geographic name as entry element Pharmacognosy
942 ## - ADDED ENTRY ELEMENTS (KOHA)
Source of classification or shelving scheme Dewey Decimal Classification
Koha item type Text Books
942 ## - ADDED ENTRY ELEMENTS (KOHA)
-- 6
Holdings
Withdrawn status Lost status Source of classification or shelving scheme Damaged status Not for loan Collection code Home library Current library Date acquired Source of acquisition Currency Cost, normal purchase price Bill Number Total Checkouts Full call number Acc. no. / Barcode Date last seen Actual Cost, discounted price Bill Date Koha item type Date last borrowed
    Dewey Decimal Classification     B.Pharma PIET C-LIBRARY PIET C-LIBRARY 13/02/2020 Kirti Prakashan Rupees 200.00 IN6397   615 PRT BP1418 13/07/2020 148.00 13/02/2020 Reference Books  
    Dewey Decimal Classification     B.Pharma PIET C-LIBRARY PIET C-LIBRARY 13/02/2020 Kirti Prakashan Rupees 200.00 IN6397 14 615 PRT BP1419 07/10/2025 148.00 13/02/2020 Text Books 26/09/2025
    Dewey Decimal Classification     B.Pharma PIET C-LIBRARY PIET C-LIBRARY 13/02/2020 Kirti Prakashan Rupees 200.00 IN6397 10 615 PRT BP1420 01/12/2025 148.00 13/02/2020 Text Books 13/11/2025

Design & Developed by: PIET Central Library
R70 Miles Stone Pattikalyana Samalkha Panipat 132102
mail ID :- [email protected], Phone No:- 0180-2569700 Ex.216